logo

Bir Sreshtho Munshi Abdur Rouf Library
Jhenaidah Cadet College

Startup kingdom : (Record no. 13698)

MARC details
000 -LEADER
fixed length control field 00755nam a2200217 a 4500
001 - CONTROL NUMBER
JCCL Control Number 13698
003 - CONTROL NUMBER IDENTIFIER
JCCL marc code BD-JhCC
005 - DATE AND TIME OF LATEST TRANSACTION
control field 20240314124801.0
008 - FIXED-LENGTH DATA ELEMENTS--GENERAL INFORMATION
fixed length control field 240314b2020 bg |||| ||a| 001 0 eng d
020 ## - INTERNATIONAL STANDARD BOOK NUMBER
International Standard Book Number 9789845062848
035 ## - SYSTEM CONTROL NUMBER
system control number (BD-JhCC)13698
040 ## - CATALOGING SOURCE
Original cataloging agency BD-JhCC
Modifying agency BD-JhCC
041 ## - LANGUAGE CODE
Language code of Book english
082 ## - DEWEY DECIMAL CLASSIFICATION NUMBER
Classification number 338.09564
Author mark and Year UZZ 2020
100 ## - MAIN ENTRY--PERSONAL NAME
Personal name Uzzaman,Anis
245 ## - TITLE STATEMENT
Title Startup kingdom :
Remainder of title Learning to thrive in the world of startups /
Statement of responsibility, etc Anis Uzzaman,Shameem Ahsan
260 ## - PUBLICATION, DISTRIBUTION, ETC. (IMPRINT)
Place of publication, distribution, etc Dhaka:
Name of publisher, distributor, etc University Press Limited;
Date of publication, distribution, etc 2020.
300 ## - PHYSICAL DESCRIPTION
Pagination 200 p. :
Dimensions 22 cm.
650 ## - SUBJECT ADDED ENTRY--TOPICAL TERM
Topical term or geographic name as entry element New business enterprises Asia
Form subdivision New business enterprises Management
General subdivision Nouvelles entreprises Asie Gestion
Chronological subdivision Success in business
Geographic subdivision Succès dans les affaires Asie
942 ## - ADDED ENTRY ELEMENTS (KOHA)
Source of classification or shelving scheme Dewey Decimal Classification
Koha item type Books
Holdings
Source of classification or shelving scheme Damaged status Not for loan Home library Current library Shelving location Date of accession Cost, normal purchase price Total Checkouts Full call number Barcode Date last seen Date checked out Copy number Method of acquisition Koha item type Currency
Dewey Decimal Classification     JCC Rouf Library JCC Rouf Library General Stacks   375.00 4 338.09564 UZZ 2020 19059 01/11/2025 12/21/2024 C-1 Purchase Books BDT
Dewey Decimal Classification     JCC Rouf Library JCC Rouf Library General Stacks   375.00 1 338.09564 UZZ 2020 19060 05/26/2024 04/22/2024 C-2 Purchase Books BDT

JCC Library | Contacts | JCC Home

Last Update on 23 September 2017
Copyright @ 2017-2020 JCC Rouf Library
Rouf Library, Jhenidah Cadet College (JCC), Bangladesh